00365pab a2200133 454500008004000000100002000040245005500060260000900115300001400124362000800138650002500146650001700171773004300188180718b2008 xxu||||| |||| 00| 0 eng d aSarkar, Santanu aBSWU: a case of `independent' trade union in India c2008 ap.303-16. aOct aTrade unions - India aTrade unions aIndian Journal of Industrial Relations